6th Symposium on automation in mining, mineral and metal processing : preprints of the symposium, Buenos Aires, Argentina 4-8 September 1989 /
Guardado en:
| Autores Corporativos: | , |
|---|---|
| Otros Autores: | |
| Formato: | Libro |
| Idioma: | English |
| Publicado: |
[Oxford, England] :
Published for the International Federation of Automatic Control (IFAC), technical committee on applications,
1989.
|
| Materias: | |
| Etiquetas: |
Agregar Etiqueta
Sin Etiquetas, Sea el primero en etiquetar este registro!
|
| LEADER | 01309nam a22002655a 4500 | ||
|---|---|---|---|
| 001 | EIQ.libpla001393 | ||
| 008 | 060921s1989####enka#####b####100#0#eng#d | ||
| 005 | 20060921161314.0 | ||
| 245 | 1 | 0 | |a 6th Symposium on automation in mining, mineral and metal processing : |b preprints of the symposium, Buenos Aires, Argentina 4-8 September 1989 / |c edited by V. Koppel. |
| 260 | |a [Oxford, England] : |b Published for the International Federation of Automatic Control (IFAC), technical committee on applications, |c 1989. | ||
| 300 | |a v. : |b il. ; |c 28 cm. | ||
| 504 | |a Incluye referencias bibliográficas. | ||
| 111 | 2 | |a Symposium on Automation in Mining, Mineral, and Metal Processing |n (6th : |d 1989 : |c Buenos Aires, Argentina) | |
| 700 | 1 | |a Köppel, V., |e ed. |4 edt | |
| 710 | 2 | |a International Federation of Automatic Control. |b Technical Committee on Applications. | |
| 650 | 4 | |a Ingeniería de minas |x Congresos. | |
| 650 | 4 | |a Ingeniería de minas |x Automatización. | |
| 650 | 4 | |a Metalurgia |x Congresos. | |
| 650 | 4 | |a Metalurgia |x Automatización. | |
| 650 | 4 | |a Mining engineering |x Congresses. | |
| 650 | 4 | |a Mining engineering |x Automation. | |
| 650 | 4 | |a Metallurgy |x Congresses. | |
| 650 | 4 | |a Metallurgy |x Automation. | |
| 040 | |a AR-BbSID |b spa |c AR-BbSID | ||
| 859 | |a AR-BbSID |b BIB. PLAPIQUI |h 629.8 |i Sy 68 |p 3885 |v Vol. 1 |3 Vol. 1 | ||
